00442 2200169 4500245004700000020001800047250001100065100001300076650002000089005001900109260003000128041001400158084000800172300002700180500005600207336000900263 aKartini Nggak Sampai EropacSammariahText a979-780-271-x aCet. 1 aSammaria aNovel Indonesia a20231005133904 aJakartabGagasMediac2008 aIndonesia a813 avi, 238 hlm. :c19 cm. amereka bukan pahlawan. perkenalkan, anti, dan tesa. atext